| 000 | 00553nam a2200181Ia 4500 | ||
|---|---|---|---|
| 008 | 100917s9999 xx 000 0 und d | ||
| 082 | _b9900 | ||
| 100 | _aकाकोडकर चंद्रकांत | ||
| 245 | _aमाझा कुणा म्हणू मी | ||
| 260 |
_b--- _c1971 |
||
| 300 | _a157 | ||
| 365 | _b6 | ||
| 520 | _aकादंबरी | ||
| 630 | _aमाझा कुणा म्हणू मी | ||
| 650 | _aकादंबरी | ||
| 730 | _aमाझा कुणा म्हणू मी | ||
| 942 | _cBOOK | ||
| 999 |
_c615294 _d615291 |
||